000 nam a22 7a 4500
999 _c8241
_d8241
008 171212b xxu||||| |||| 00| 0 eng d
020 _a9789380078113
100 _aLudwings Emil
_94665
245 _aNapoleon
260 _aNew Delhi
_bMG Books
_c2012